000 00293nam a2200121Ia 4500
008 190216s9999||||xx |||||||||||||| ||und||
100 _aSundharan. K.P.M
245 0 _aIntroduction To Indian Economy
260 _bRchand And Company
_c1993
300 _a578p
650 _aEconomics
942 _cBK
999 _c9953
_d9953